00423nam a2200157Ia 4500008004100000020001100041040001900052041001200071082002200083100002200105245005100127260003300178300002100211650002300232850001000255131103s9999 xx 000 0 und d cRs.500 aLoreto College aEnglish aF/LLEbLCLIB/1844 aLlewellyn,Richard 2aA flame for Doubting ThomascRichard Llewellyn aLondonbMichael Josephc1954 a368 p. c 19 cm. aFiction in English aLCLIB